Stations du Tramway T3a de Paris sur le plan - Statistiques

Statistiques générales
  • Ce quiz a été pris 116 fois
  • Le résultat moyen est 18 sur 25
Réponses sur la Carte
Les réponses sont colorées sur une échelle allant du rouge au vert en fonction du pourcentage des utilisateurs qui les ont devinées à leur premier essai. Vous pouvez retrouver ces pourcentages ci-dessous.
 
Statistiques - réponses
Réponse % Correct
Porte de Vincennes
92%
Porte d'Italie
89%
Porte d'Orléans
88%
Cité Universitaire
85%
Porte de Versailles
85%
Porte d'Ivry
85%
Pont du Garigliano
83%
Porte de Charenton
83%
Porte de Choisy
82%
Porte Dorée
81%
Stade Charléty
78%
Porte de Vanves
77%
Avenue de France
75%
Montsouris
74%
Balard
72%
Maryse Bastié
67%
Poterne des Peupliers
66%
Didot
64%
Jean Moulin
64%
Georges Brassens
56%
Brancion
51%
Alexandra David-Néel
50%
Baron Le Roy
50%
Montempoivre
49%
Desnouettes
48%
Aucun quiz correspondant
Distribution des résultats
% des personnes avec chaque résultat
Percentile par nombre de réponses
Votre historique - résultats
Vous n’avez pas pris ce quiz